Statistics for Random US States by Morse Code

Click here to take the quiz!

General Stats

  • This quiz has been taken 203 times
  • The average score is 9 of 10

Answer Stats

Morse codeState% Correct
-.-. .- .-.. .. ..-. --- .-. -. .. .-California
100%
-.-. --- .-.. --- .-. .- -.. ---Colorado
100%
-.-. --- -. -. . -.-. - .. -.-. ..- -Connecticut
100%
.... .- .-- .- .. ..Hawaii
100%
.. --- .-- .-Iowa
100%
-.- . -. - ..- -.-. -.- -.--Kentucky
100%
-- .. -.-. .... .. --. .- -.Michigan
100%
-- --- -. - .- -. .-Montana
100%
-. . ...- .- -.. .-Nevada
100%
-. . .-- / .... .- -- .--. ... .... .. .-. .New Hampshire
100%
- . -..- .- ...Texas
100%
...- . .-. -- --- -. -Vermont
100%
.-- .- ... .... .. -. --. - --- -.Washington
100%
.-.. --- ..- .. ... .. .- -. .-Louisiana
88%
-. --- .-. - .... / -.-. .- .-. --- .-.. .. -. .-North Carolina
88%
- . -. -. . ... ... . .Tennessee
86%
-- .- ... ... .- -.-. .... ..- ... . - - ...Massachusetts
83%
-. . .-- / .--- . .-. ... . -.--New Jersey
83%
-. . .-- / -.-- --- .-. -.-New York
83%
--- .... .. ---Ohio
83%
--- -.- .-.. .- .... --- -- .-Oklahoma
83%
--. . --- .-. --. .. .-Georgia
80%
.. -. -.. .. .- -. .-Indiana
80%
.-. .... --- -.. . / .. ... .-.. .- -. -..Rhode Island
80%
.-- .. ... -.-. --- -. ... .. -.Wisconsin
78%
-- .. ... ... --- ..- .-. ..Missouri
75%
.--. . -. -. ... -.-- .-.. ...- .- -. .. .-Pennsylvania
75%
... --- ..- - .... / -.-. .- .-. --- .-.. .. -. .-South Carolina
75%
...- .. .-. --. .. -. .. .-Virginia
75%
..-. .-.. --- .-. .. -.. .-Florida
71%
.- .-. -.- .- -. ... .- ...Arkansas
67%
.. .-.. .-.. .. -. --- .. ...Illinois
67%
-.- .- -. ... .- ...Kansas
67%
-- .- .. -. .Maine
67%
-- .. ... ... .. ... ... .. .--. .--. ..Mississippi
67%
-. . -... .-. .- ... -.- .-Nebraska
67%
--- .-. . --. --- -.Oregon
67%
.-- . ... - / ...- .. .-. --. .. -. .. .-West Virginia
67%
.-- -.-- --- -- .. -. --.Wyoming
67%
.. -.. .- .... ---Idaho
63%
.- .-. .. --.. --- -. .-Arizona
60%
-.. . .-.. .- .-- .- .-. .Delaware
50%
-- .- .-. -.-- .-.. .- -. -..Maryland
50%
-- .. -. -. . ... --- - .-Minnesota
50%
-. --- .-. - .... / -.. .- -.- --- - .-North Dakota
50%
... --- ..- - .... / -.. .- -.- --- - .-South Dakota
40%
.- .-.. .- -... .- -- .-Alabama
33%
.- .-.. .- ... -.- .-Alaska
33%
..- - .- ....Utah
33%
-. . .-- / -- . -..- .. -.-. ---New Mexico
0%

Score Distribution

Percentile by Number Answered

Percent of People with Each Score

Your Score History

You have not taken this quiz